000 00698nam a22002417a 4500
003 UA-OsUOA
001 52623
007 ta
008 20150716b un ||||| |||| 00| 0 ukr d
100 _aСічинський В.
090 _a72(477)
_bС41
942 _cBK
040 _aUA-OsUOA
_bukr
_cUA-OsUOA
_dUA-OsUOA
245 _aПамятки української архітектури
300 _a64 с.
955 _a1
041 _aukr
080 _a72(477)
260 _aФиладельфія
_c1952
650 7 _a72 Архітектура
_2UDC
999 _c432747
_d432747